=LDR 00000nam 2200000 4500 =001 INLIS000000000037585 =005 20130612143318 =008 ***********************************ind** =035 ##$$0010-061300000037585 =041 ##$$a ind =082 ##$$a 428.62 =090 ##$$a 428.62, Phi =100 ##$$a Philippus =245 ##$$a Bahasa Inggris dalam Pertanian =260 ##$$a 1980 $b jakarta =650 ##$$a Bahasa =850 ##$$a NBPNMAT